000 01071nam a2200301 i 4500
005 20220317002020.0
007 ta
008 210831s2019 ck a jr 000 0dspa d
020 _a9789585477575
040 _aCO-BoRNBP
_bspa
_erda
_cCO-BoRNBP
041 0 _aspa
082 0 4 _a986.103
_bE76d
_222
100 1 _aEspaña, Gonzalo
_d1945-
_eautor
245 1 0 _aDel grito a la victoria
_bindependencia de Colombia 1810-1819
_cGonzalo España
250 _aPrimera edición
264 1 _aBogotá
_bPenguin Random House
_bEdiciones B
_c2019
300 _a242 páginas
_bilustraciones
_c23 cm
336 _2rdacontent
_atexto
_btxt
337 _2rdamedia
_asin mediación
_bn
338 _2rdacarrier
_avolumen
_bnc
490 0 _aNo ficción
521 _aRecomendado para un público mayor de 15 años
545 _aIncluye datos biográficos del autor en la solapa
650 1 7 _aPróceres
_xHistoria
_zColombia
_2LEMB
650 1 7 _aLibertadores
_xHistoria
_zColombia
651 4 _aColombia
_xHistoria
_yGuerra de Independencia, 1810-1819
_97587
942 _2ddc
_cBK
999 _c8901
_d8901